| 000 | 01454nam a2200241Ia 4500 | ||
|---|---|---|---|
| 003 | Ost | ||
| 005 | 20260507075354.0 | ||
| 008 | 260507s9999||||xx |||||||||||||| ||und|| | ||
| 020 | _a31118099579 | ||
| 040 | _cfsecg | ||
| 041 | _aara | ||
| 082 | _a330 | ||
| 100 |
_aالعاني، قتيبة عبد الرحمن _eمؤلف |
||
| 245 | 0 |
_aالتمويل ووظائفة في البنوك الإسلامية والتجارية : _bدراسة مقارنة / _c قتيبة عبد الرحمن العاني |
|
| 260 |
_aعمان: _bدار النفائس للنشر والتوزيع, _c2013 |
||
| 300 |
_a448 صفحة؛ _bإيضاحات ؛ _c24 سم |
||
| 504 | _aالمراجع ص.429 | ||
| 520 | _aطبيعة التمويل ووظائفه في البنوك الإسلامية والتجارية- طبيعة التمويل ووظائفه في البنوك- أساليب التمويل المستخدمة في البنوك الإسلامية- أدوات التمويل المستخدمة في البنوك الإسلامية- الخدمات المصرفية التمويلية- الخدمات المصرفية- المعاملات المالية المعاصرة- المؤسسات والأسواق المالية- تقييم السياسات التمويلية للبنوك الإسلامية والتجارية | ||
| 653 | _aالبنوك الإسلامية | ||
| 653 | _aالتبادل التجاري | ||
| 653 | _aالتمويل | ||
| 942 | _cكتاب | ||
| 999 |
_c44185 _d44185 |
||